[Event "IV Open A Carnevale"]
[Site "Milano ITA"]
[Date "2013.02.17"]
[Round "5"]
[White "Fiori, Guido"]
[Black "Miracola, Giorgia"]
[WhiteElo "1907"]
[BlackElo "1867"]
[Result "0-1"]
[PlyCount "78"]
[EventDate "2013.02.13"]

1. c4 Nf6 2. Nc3 d5 3. cxd5 Nxd5 4. g3 g6 5. Bg2 Nb6 6. Nf3 Bg7 7. d3 O-O 8.
Bd2 c5 9. Qc1 Re8 10. Bh6 Bg4 11. Bxg7 Kxg7 12. Ne5 Be6 13. Ne4 Bd5 14. O-O h5
15. Qxc5 Na6 16. Qe3 f6 17. Nf3 Nb4 18. Qd2 a5 19. Nc5 Rc8 20. a3 Rxc5 21. axb4
axb4 22. Qxb4 Qc7 23. Nd4 e5 24. Nb5 Qc6 25. Bxd5 Nxd5 26. Qa3 Qxb5 27. Qa7 Qb6
28. Qa4 Re7 29. Qa8 Nb4 30. Qa4 Na6 31. Rab1 Qb4 32. Qd1 Rec7 33. e3 Rc2 34. d4
exd4 35. exd4 Qd2 36. b4 Qxd1 37. Rfxd1 Rd7 38. d5 Nc7 39. d6 Nb5 0-1

[Event "IV Open A Carnevale"]
[Site "Milano ITA"]
[Date "2013.02.17"]
[Round "5"]
[White "Gongalov, Bojan"]
[Black "Marchini, Daniele"]
[WhiteElo "2118"]
[BlackElo "1871"]
[Result "1-0"]
[PlyCount "53"]
[EventDate "2013.02.13"]

1. e4 c5 2. Nf3 d6 3. d4 cxd4 4. Nxd4 Nf6 5. Nc3 a6 6. Bc4 e6 7. Qe2 Nc6 8. Be3
Be7 9. O-O-O Qc7 10. Bb3 O-O 11. g4 Nxd4 12. Rxd4 e5 13. Rc4 Qb8 14. g5 Be6 15.
gxf6 Bxc4 16. Bxc4 Bxf6 17. Nd5 Bd8 18. Rg1 Re8 19. h4 b5 20. Qg4 g6 21. Bb3 a5
22. h5 Re6 23. Nc3 Rf6 24. Bg5 Rxf2 25. hxg6 Kh8 26. gxf7 Qa7 27. Bf6+ 1-0

[Event "IV Open A Carnevale"]
[Site "Milano ITA"]
[Date "2013.02.17"]
[Round "5"]
[White "Lavorgna, Giovanni"]
[Black "Pelizzola, Danilo"]
[WhiteElo "2069"]
[BlackElo "2093"]
[Result "1/2-1/2"]
[PlyCount "138"]
[EventDate "2013.02.13"]

1. e4 e5 2. Bc4 Nc6 3. Nf3 Be7 4. O-O Nf6 5. d3 d6 6. c3 O-O 7. Re1 Na5 8. Bb5
a6 9. Ba4 c5 10. Nbd2 Nc6 11. Nf1 Re8 12. Ng3 g6 13. Bg5 Nd7 14. h4 Nf8 15. Qd2
Ne6 16. Bxe7 Qxe7 17. Nf1 Bd7 18. Bb3 Qf6 19. Ne3 Nc7 20. Ng5 Rf8 21. Nc4 Rad8
22. Nb6 Be6 23. Nxe6 fxe6 24. g3 Kg7 25. Re3 Na8 26. Nxa8 Rxa8 27. Kg2 Qe7 28.
Qe2 Rf7 29. Rf3 Raf8 30. Rxf7+ Qxf7 31. Rf1 Na5 32. Bc2 Qf6 33. Qg4 b5 34. h5
g5 35. f4 h6 36. Rf3 Rf7 37. a3 Rf8 38. b4 Nc6 39. Bb3 Nd8 40. f5 Qe7 41. Bxe6
cxb4 42. axb4 Kf6 43. Rf2 Qc7 44. Rc2 Nc6 45. Bb3 a5 46. bxa5 Nxa5 47. Bd5 b4
48. c4 b3 49. Rb2 Rb8 50. Qd1 Qc5 51. Qd2 Rb4 52. Kf3 Ra4 53. Kg4 Ra1 54. Qe2
Rc1 55. Qd2 Rh1 56. Qg2 Rd1 57. Qe2 Ra1 58. Qd2 Ra3 59. Qc3 Qg1 60. Qd2 Ra1 61.
c5 dxc5 62. Bxb3 Qd4 63. Bd5 Ra4 64. Ra2 Rxa2 65. Qxa2 Qxd3 66. Qxa5 Qe2+ 67.
Kh3 Qf1+ 68. Kh2 Qf2+ 69. Kh1 Qf1+ 1/2-1/2

[Event "IV Open A Carnevale"]
[Site "Milano ITA"]
[Date "2013.02.17"]
[Round "5"]
[White "Motola, Jacopo"]
[Black "Bonazzi, Edoardo"]
[WhiteElo "2004"]
[BlackElo "2040"]
[Result "1/2-1/2"]
[PlyCount "59"]
[EventDate "2013.02.13"]

1. e4 c5 2. Nf3 Nc6 3. c3 d5 4. exd5 Qxd5 5. d4 cxd4 6. cxd4 e5 7. Nc3 Bb4 8.
dxe5 Qxd1+ 9. Kxd1 Bg4 10. Bg5 Nge7 11. Be2 O-O-O+ 12. Kc1 Bxf3 13. Bxf3 Nxe5
14. Be2 Nd3+ 15. Kc2 Ne5 16. Rad1 f6 17. Be3 N5c6 18. a3 Bd6 19. b4 Be5 20. Nb5
a6 21. Na7+ Nxa7 22. Bxa7 Nc6 23. Bg4+ Kc7 24. Be3 Nd4+ 25. Bxd4 Bxd4 26. Rhe1
Be5 27. g3 Rxd1 28. Rxd1 Rd8 29. Rxd8 Kxd8 30. a4 1/2-1/2

[Event "IV Open A Carnevale"]
[Site "Milano ITA"]
[Date "2013.02.17"]
[Round "5"]
[White "Orlando, Luigi"]
[Black "Napoli, Nicolo'"]
[WhiteElo "1878"]
[BlackElo "2263"]
[Result "0-1"]
[PlyCount "58"]
[EventDate "2013.02.13"]

1. Nf3 g6 2. g3 Bg7 3. Bg2 e5 4. d3 Ne7 5. e4 O-O 6. O-O d5 7. Nbd2 a5 8. a4
Nbc6 9. c3 b6 10. Qc2 Ba6 11. exd5 Nxd5 12. Re1 Re8 13. d4 exd4 14. Rxe8+ Qxe8
15. cxd4 Ndb4 16. Qe4 Qxe4 17. Nxe4 Re8 18. Nc3 Nxd4 19. Bf4 Nd3 20. Bxc7 Nxb2
21. Nxd4 Bxd4 22. Nb5 Bxb5 23. axb5 Re2 24. Rc1 Rxf2 25. Kh1 Rd2 26. Bf3 Nd3
27. Bf4 Rf2 28. Rc8+ Kg7 29. Bd5 Nxf4 0-1

[Event "IV Open A Carnevale"]
[Site "Milano ITA"]
[Date "2013.02.17"]
[Round "5"]
[White "Podetti, Davide"]
[Black "Barolo, Andrea"]
[WhiteElo "1741"]
[BlackElo "1956"]
[Result "0-1"]
[PlyCount "80"]
[EventDate "2013.02.13"]

1. e4 e5 2. Nf3 Nc6 3. Bc4 Bc5 4. Nc3 d6 5. d3 Nf6 6. Be3 Bb6 7. Qd2 O-O 8. h3
Na5 9. Bb3 Nxb3 10. axb3 Bxe3 11. fxe3 Be6 12. g4 Qe7 13. Qf2 a6 14. Nh4 g6 15.
Rf1 Nd7 16. Qg3 Kh8 17. Ng2 f5 18. gxf5 gxf5 19. exf5 Rxf5 20. Rxf5 Bxf5 21.
Nd5 Qf7 22. e4 Rg8 23. Qf2 Qg7 24. exf5 Qxg2 25. Qxg2 Rxg2 26. O-O-O c6 27. Ne7
Kg7 28. Rf1 Kf6 29. Nc8 d5 30. Nd6 b6 31. Nc8 Rg8 32. Na7 c5 33. Kd2 Ra8 34.
Nc6 Rc8 35. Nxe5 Nxe5 36. c4 d4 37. Rf4 Rg8 38. Rf2 Rg3 39. Kc2 Nxd3 40. Rd2
Ne5 0-1

[Event "IV Open A Carnevale"]
[Site "Milano ITA"]
[Date "2013.02.17"]
[Round "6"]
[White "Barolo, Andrea"]
[Black "Orlando, Luigi"]
[WhiteElo "1956"]
[BlackElo "1878"]
[Result "1-0"]
[PlyCount "94"]
[EventDate "2013.02.13"]

1. e4 d6 2. d4 Nf6 3. Nc3 g6 4. f4 Bg7 5. Nf3 c5 6. Bb5+ Bd7 7. e5 Ng4 8. e6
fxe6 9. Ng5 Bxb5 10. Nxb5 Qa5+ 11. c3 Qxb5 12. Qxg4 Qc4 13. Qxe6 Qxe6+ 14. Nxe6
Na6 15. dxc5 dxc5 16. Nxg7+ Kf7 17. Nh5 gxh5 18. Be3 b6 19. O-O-O Rad8 20. Rhe1
Rhg8 21. Rxd8 Rxd8 22. Bf2 e6 23. Bh4 Rd7 24. h3 Nb8 25. b3 Nc6 26. Kc2 Ne7 27.
Bxe7 Kxe7 28. c4 Rd4 29. f5 Rd6 30. Re4 Kf6 31. fxe6 Rxe6 32. Kd3 Rxe4 33. Kxe4
Kg5 34. g3 h4 35. g4 h6 36. Ke5 Kg6 37. a3 a5 38. Ke6 Kg5 39. Kf7 h5 40. gxh5
Kxh5 41. Kf6 Kh6 42. a4 Kh5 43. Kf5 Kh6 44. Kg4 Kg6 45. Kxh4 Kf6 46. Kg3 Kf5
47. h4 Ke4 1-0

[Event "IV Open A Carnevale"]
[Site "Milano ITA"]
[Date "2013.02.17"]
[Round "6"]
[White "Fiori, Guido"]
[Black "Podetti, Davide"]
[WhiteElo "1907"]
[BlackElo "1741"]
[Result "1/2-1/2"]
[PlyCount "78"]
[EventDate "2013.02.13"]

1. c4 Nf6 2. Nc3 e6 3. Nf3 c5 4. d4 cxd4 5. Nxd4 Nc6 6. e3 Be7 7. Bd3 d5 8. O-O
O-O 9. cxd5 exd5 10. Nde2 b6 11. a3 Bb7 12. Bc2 Ne5 13. Nd4 a6 14. Nce2 Rc8 15.
Bd2 Nc4 16. Bc3 b5 17. Nf5 Re8 18. Qd3 g6 19. Nxe7+ Qxe7 20. Qd4 Ne5 21. Bb3
Ne4 22. Bb4 Nc6 23. Bxe7 Nxd4 24. Nxd4 Rxe7 25. Rfd1 Rec7 26. Kf1 Nc5 27. Rac1
Nd7 28. Rxc7 Rxc7 29. Ke2 Nb6 30. Rd2 Kf8 31. Kd1 Ke7 32. Rc2 Rxc2 33. Kxc2 Kd6
34. Ba2 Nc4 35. Kc3 Kc5 36. Nb3+ Kb6 37. Nd4 Kc5 38. Nb3+ Kb6 39. Nd4 Kc5
1/2-1/2

[Event "IV Open A Carnevale"]
[Site "Milano ITA"]
[Date "2013.02.17"]
[Round "6"]
[White "Gongalov, Bojan"]
[Black "Egli, Urs"]
[WhiteElo "2118"]
[BlackElo "2099"]
[Result "0-1"]
[PlyCount "106"]
[EventDate "2013.02.13"]

1. Nf3 d6 2. e4 e5 3. d4 Nd7 4. Bc4 h6 5. dxe5 dxe5 6. Bxf7+ Kxf7 7. Nxe5+ Kf6
8. Qd4 c5 9. Qd5 Qe8 10. Ng4+ Ke7 11. Bf4 Ngf6 12. Nxf6 Nxf6 13. Qb3 Qc6 14.
Nd2 Be6 15. Qe3 g5 16. Bg3 Bg7 17. O-O Nh5 18. c3 Nxg3 19. hxg3 Rad8 20. f4
gxf4 21. gxf4 Bg4 22. Rae1 c4 23. Rf2 b6 24. Qg3 h5 25. e5 Rd3 26. Qh4+ Kd7 27.
Ne4 Re8 28. Rc2 Kc7 29. Nf2 Rdd8 30. Nxg4 hxg4 31. Qxg4 Bf8 32. f5 Bc5+ 33. Kf1
Rh8 34. Re4 Qd5 35. Rd4 Rh1+ 36. Ke2 Qxe5+ 37. Re4 Qd5 38. Qf4+ Kc6 39. Rd2
Qxd2+ 40. Qxd2 Rxd2+ 41. Kxd2 Kd5 42. Re2 Rf1 43. g4 Rf2 44. b4 Rxe2+ 45. Kxe2
Be7 46. b5 Ke4 47. a4 Bf6 48. Kd2 Kf3 49. g5 Bxg5+ 50. Kc2 Ke2 51. Kb2 Kd3 52.
a5 Bf6 53. Ka3 Kxc3 0-1

[Event "IV Open A Carnevale"]
[Site "Milano ITA"]
[Date "2013.02.17"]
[Round "6"]
[White "Guidi, Giacomo G."]
[Black "Boer, Stefan"]
[WhiteElo "1990"]
[BlackElo "1918"]
[Result "1-0"]
[PlyCount "77"]
[EventDate "2013.02.13"]

1. e4 c6 2. d3 d5 3. Nd2 dxe4 4. dxe4 e5 5. Ngf3 Bg4 6. h3 Bxf3 7. Qxf3 Nf6 8.
a4 Nbd7 9. Bc4 Be7 10. Qb3 O-O 11. O-O Qb6 12. Qf3 Qc7 13. c3 a5 14. Re1 Nc5
15. Nf1 Ne6 16. Be3 Rad8 17. Ng3 Bc5 18. Bxe6 Bxe3 19. Bxf7+ Rxf7 20. Qxe3 Rfd7
21. Nf1 Rd3 22. Qc5 b6 23. Qc4+ Kh8 24. Qb3 c5 25. Ne3 h6 26. Nc4 Rb8 27. Rad1
Rxd1 28. Rxd1 Nxe4 29. Re1 Nd6 30. Nxe5 c4 31. Qd1 b5 32. axb5 Nxb5 33. Qd5
Nxc3 34. bxc3 Rb3 35. Nxc4 Rxc3 36. Re8+ Kh7 37. Qe4+ g6 38. Re7+ Qxe7 39.
Qxe7+ 1-0

[Event "IV Open A Carnevale"]
[Site "Milano ITA"]
[Date "2013.02.17"]
[Round "6"]
[White "Iudicello, Giovanni"]
[Black "Bonazzi, Edoardo"]
[WhiteElo "2130"]
[BlackElo "2040"]
[Result "1/2-1/2"]
[PlyCount "96"]
[EventDate "2013.02.13"]

1. e4 c5 2. Nf3 Nc6 3. d4 cxd4 4. Nxd4 e6 5. Nc3 a6 6. Be2 Qc7 7. Be3 b5 8. O-O
Bb7 9. a3 Nf6 10. Kh1 Be7 11. f4 d6 12. Bf3 O-O 13. f5 Nxd4 14. Qxd4 e5 15. Qd3
Rfd8 16. Rad1 Rac8 17. Bg5 d5 18. exd5 e4 19. Bxe4 Nxe4 20. Bxe7 Qxe7 21. Qxe4
Qxe4 22. Nxe4 Rxc2 23. b4 Rxd5 24. Kg1 h5 25. Rc1 Rc4 26. Nc5 Bc8 27. Rxc4 bxc4
28. Rc1 a5 29. Rxc4 axb4 30. axb4 Bxf5 31. Kf2 Rd2+ 32. Kf3 Bg4+ 33. Kg3 Be2
34. Ne4 Rb2 35. Rd4 g6 36. h4 Kg7 37. Kf4 Bg4 38. g3 Rb3 39. Nd2 Rb2 40. Ke5
f6+ 41. Kd6 g5 42. hxg5 fxg5 43. Kc5 Be2 44. Nc4 Rc2 45. b5 Rxc4+ 46. Rxc4 Bxc4
47. Kxc4 h4 48. gxh4 gxh4 1/2-1/2

[Event "IV Open A Carnevale"]
[Site "Milano ITA"]
[Date "2013.02.17"]
[Round "6"]
[White "Lavorgna, Giovanni"]
[Black "Cetta, Andrea"]
[WhiteElo "2069"]
[BlackElo "1839"]
[Result "1-0"]
[PlyCount "79"]
[EventDate "2013.02.13"]

1. e4 c5 2. Nf3 Nc6 3. Bb5 Nf6 4. e5 Nd5 5. O-O e6 6. d3 Be7 7. Nbd2 d6 8. Ne4
dxe5 9. Nxe5 Qc7 10. Nxc6 bxc6 11. Bc4 O-O 12. Qh5 f5 13. Ng3 Qe5 14. Qe2 Qf6
15. Nh5 Qg6 16. Nf4 Qf6 17. Re1 Bd6 18. Nh5 Qg6 19. Bxd5 cxd5 20. Bf4 Bxf4 21.
Nxf4 Qf6 22. Qe5 Qf7 23. Re3 g5 24. Rg3 h6 25. h4 g4 26. Re1 Bd7 27. Rge3 Rfe8
28. Qd6 Rac8 29. h5 Rc6 30. Qe5 a6 31. Ng6 Kh7 32. Qf4 Qg7 33. Ne5 Rb6 34. b3
Rb7 35. Rg3 Qg5 36. Qxg5 hxg5 37. f3 gxf3 38. gxf3 Kh6 39. Nf7+ Kh7 40. Nd6 1-0

[Event "IV Open A Carnevale"]
[Site "Milano ITA"]
[Date "2013.02.17"]
[Round "6"]
[White "Miracola, Giorgia"]
[Black "Falchi, Claudio"]
[WhiteElo "1867"]
[BlackElo "1874"]
[Result "0-1"]
[PlyCount "96"]
[EventDate "2013.02.13"]

1. Nf3 e6 2. g3 d5 3. Bg2 c6 4. O-O Bd6 5. d4 f5 6. c4 Nf6 7. Nc3 O-O 8. Qc2
Ne4 9. Rd1 Nd7 10. a3 Ndf6 11. b4 Nxc3 12. Qxc3 Ne4 13. Qc2 Bd7 14. Ne5 Be8 15.
Bb2 Bh5 16. f3 Nf6 17. b5 cxb5 18. cxd5 Nxd5 19. Qb3 Qb6 20. Nd7 Qa5 21. Nxf8
Rxf8 22. g4 Bf7 23. e4 Nf4 24. e5 Be7 25. Bc1 Nd5 26. Kh1 f4 27. Bd2 Qb6 28.
Bb4 Bxb4 29. axb4 Rd8 30. Qa3 Ne3 31. Rdc1 a6 32. Qc3 Nd5 33. Qc5 Qxc5 34. bxc5
Be8 35. g5 Kf7 36. Rd1 Bc6 37. h4 Ne3 38. Rd2 Nf5 39. d5 Rxd5 40. Rxd5 Bxd5 41.
h5 Ng3+ 42. Kg1 Nxh5 43. Kf2 Ng3 44. Bh3 Kg6 45. c6 bxc6 46. Rxa6 Kxg5 47. Bxe6
Bxe6 48. Rxc6 Kf5 0-1

[Event "IV Open A Carnevale"]
[Site "Milano ITA"]
[Date "2013.02.17"]
[Round "6"]
[White "Napoli, Nicolo'"]
[Black "Andreoni, Giuseppe"]
[WhiteElo "2263"]
[BlackElo "2121"]
[Result "1-0"]
[PlyCount "73"]
[EventDate "2013.02.13"]

1. d4 Nf6 2. Nc3 c5 3. d5 g6 4. e4 d6 5. Nf3 Bg7 6. Bb5+ Nbd7 7. a4 a6 8. Be2
O-O 9. a5 Qc7 10. O-O e6 11. dxe6 fxe6 12. Bc4 Re8 13. Bf4 Bf8 14. Ng5 Nb8 15.
Na4 Bd7 16. Nb6 Ra7 17. e5 dxe5 18. Nxd7 Qxd7 19. Bxe5 Qxd1 20. Rfxd1 Nbd7 21.
Bc3 h6 22. Nxe6 b5 23. axb6 Nxb6 24. Ba2 c4 25. Nxf8 Rxf8 26. Rd6 Nfd5 27. Bd4
Rb7 28. b3 Re8 29. bxc4 Nb4 30. Bb3 Nc8 31. Rxg6+ Kh7 32. Rg3 Re2 33. h4 Nxc2
34. Bxc2+ Rxc2 35. Rxa6 Rxc4 36. Rg4 Rd7 37. Rxh6+ 1-0

[Event "IV Open A Carnevale"]
[Site "Milano ITA"]
[Date "2013.02.17"]
[Round "6"]
[White "Pelizzola, Danilo"]
[Black "Marchini, Daniele"]
[WhiteElo "2093"]
[BlackElo "1871"]
[Result "1-0"]
[PlyCount "65"]
[EventDate "2013.02.13"]

1. e4 c5 2. Nf3 d6 3. d4 cxd4 4. Nxd4 Nf6 5. Nc3 a6 6. Be2 e5 7. Nb3 Be7 8. Be3
Be6 9. Qd2 b5 10. a3 Nbd7 11. O-O Rc8 12. Kh1 O-O 13. f4 Bxb3 14. cxb3 exf4 15.
Rxf4 Nc5 16. Qd1 Re8 17. b4 Ncd7 18. a4 d5 19. exd5 Bd6 20. Rf3 Bxb4 21. axb5
Bxc3 22. bxc3 Ne5 23. Rxf6 gxf6 24. bxa6 Rxc3 25. Bd4 Rc8 26. Bb5 Qxd5 27. Bxe8
Rxe8 28. Qa4 Ra8 29. h3 Qc4 30. Qxc4 Nxc4 31. Bxf6 Ne3 32. a7 Nd5 33. Rb1 1-0

[Event "IV Open A Carnevale"]
[Site "Milano ITA"]
[Date "2013.02.17"]
[Round "6"]
[White "Reale, Simone"]
[Black "Brociner, Beniamino"]
[WhiteElo "1923"]
[BlackElo "1971"]
[Result "0-1"]
[PlyCount "126"]
[EventDate "2013.02.13"]

1. d4 d6 2. Nf3 Nf6 3. c4 c6 4. Nc3 Nbd7 5. e4 e5 6. Be2 Be7 7. O-O O-O 8. d5
Nc5 9. Qc2 a5 10. Ne1 Re8 11. f3 Nh5 12. Be3 Bg5 13. Bf2 Nf4 14. Nd3 Ncxd3 15.
Bxd3 Qf6 16. Ne2 Qh6 17. Ng3 Qg6 18. Ne2 c5 19. Nxf4 Bxf4 20. Kh1 Qh5 21. Bg1
a4 22. Rab1 g5 23. Be2 Kh8 24. b4 axb3 25. axb3 Rg8 26. b4 b6 27. bxc5 bxc5 28.
Rb6 Rg6 29. Rfb1 Rh6 30. g4 Qh3 31. Bd1 Kg7 32. Rb8 Rxb8 33. Rxb8 Ba6 34. Rb2
Bxh2 35. Qg2 Qxg2+ 36. Kxg2 Bxg1 37. Kxg1 Bxc4 38. Ba4 Rf6 39. Kg2 h5 40. gxh5
Kh6 41. Rc2 Ba6 42. Bd7 Kxh5 43. Ra2 Bd3 44. Ra3 c4 45. Bg4+ Kg6 46. Bf5+ Rxf5
47. exf5+ Kxf5 48. Ra6 e4 49. Rxd6 exf3+ 50. Kg3 Ke5 51. Rd8 Bf5 52. d6 c3 53.
d7 Kd6 54. Rc8 Bxd7 55. Rxc3 g4 56. Rc4 Be6 57. Rf4 Ke5 58. Ra4 f5 59. Rb4 Bd5
60. Ra4 Be4 61. Ra5+ Kd4 62. Ra4+ Ke3 63. Ra3+ Bd3 0-1

[Event "IV Open A Carnevale"]
[Site "Milano ITA"]
[Date "2013.02.22"]
[Round "6"]
[White "Sirena, Gianni"]
[Black "Corso, Gabriele"]
[WhiteElo "2008"]
[BlackElo "1792"]
[Result "1-0"]
[PlyCount "64"]
[EventDate "2013.02.13"]

1. e4 e5 2. f4 d5 3. exd5 exf4 4. Nf3 Nf6 5. c4 c6 6. d4 cxd5 7. Bxf4 Bb4+ 8.
Nc3 O-O 9. Be2 Be6 10. O-O dxc4 11. Ng5 Nc6 12. Nxe6 fxe6 13. Bxc4 Qxd4+ 14.
Qxd4 Nxd4 15. Rad1 Bc5 16. Kh1 Kf7 17. Na4 b6 18. b4 Rfd8 19. bxc5 b5 20. Bc7
bxc4 21. Bxd8 Rxd8 22. Rc1 e5 23. Rxc4 Ke6 24. c6 Kd6 25. c7 Rc8 26. Rfc1 Nd5
27. Nc5 Nb6 28. Nb7+ Ke6 29. Rc5 Ne2 30. Re1 Rf8 31. h3 Nf4 32. Rexe5+ Kd7 1-0

[Event "IV Open A Carnevale"]
[Site "Milano ITA"]
[Date "2013.02.17"]
[Round "6"]
[White "Vezzosi, Paolo"]
[Black "Motola, Jacopo"]
[WhiteElo "2287"]
[BlackElo "2004"]
[Result "1-0"]
[PlyCount "51"]
[EventDate "2013.02.13"]

1. e4 c5 2. Nf3 d6 3. d4 cxd4 4. Nxd4 Nf6 5. Nc3 g6 6. Be2 Bg7 7. O-O O-O 8.
Kh1 Nc6 9. Nb3 Bd7 10. Bg5 Rc8 11. f4 Na5 12. Nxa5 Qxa5 13. e5 Rxc3 14. bxc3
Nd5 15. Qd4 Nxc3 16. Bc4 Bc6 17. Bxe7 dxe5 18. fxe5 Bxe5 19. Qe3 Qa4 20. Qxe5
Qxc4 21. Bxf8 Kxf8 22. Qh8+ Ke7 23. Rae1+ Be4 24. Qf6+ Kf8 25. Rf4 Kg8 26. Re3
1-0